000 00772 a2200205 4500
010 _aENG-89557
020 _a8188573388
_c495.00
035 _aEN-73090
037 _bDBAD / PUB
082 1 4 _a307.1412
090 _c11139
_d11139
100 1 _aPagar, Sudhakar, K.
245 1 _aImpact of sugar co-operative industry on rural development/
_cby Sudhakar K. Pagar
260 _aKanpur
_bChandralok Prakashan
_c2007
270 _a132, Shivram Kripa, Mayur Park, Basant Vihar, Naubasta
_bKanpur
_e208 011
_k0512-2634444, 09415125867
300 _a246p.
_c21 cm. (Hb)
500 _aIncludes bibliographical references & glossary
942 _adpl
_cEN
_k307.1412/ PAG
999 _c10834
_d10834